00831nam a2200229 a 4500001001000000003000500010005001700015008004100032010001100073011001100084040000900095100003600104245012200140260004100262500006000303502008100363650001500444650002200459650002500481650002500506856007000531000112130CHAP20220329144247.0151207s2015 mx a fsm |||||||spa d a108591 a109563 cCHAP1 aVelasco Santiago, María Elena10aDiseño de una briquetadora por extrusión para carbón vegetalh[En línea]cpor María Elena Velasco Santiago. aChapingo, Méx. :bEl autor,c2015. aPara ver el contenido del material haga clic en la liga aTesis (Ing. Forestal Industrial ) -- UACH. División de Ciencias Forestales14aBriquetas.14aCarbón vegetal.14aDiseño industrial.14aSistemas de control. aFinding aiduhttp://10.13.5.2/tesis/sist112130.pdfzTeclea aquí